000 00619nam a2200253Ia 4500
005 20250425162349.0
008 250425s9999 xx 000 0 und d
020 _a0136007171
041 _aeng
082 _a658.3
100 _aROBBINS, STEPHEN P.
245 0 _aORGANIZATIONAL BEHAVIOR
250 _a13RD ED.
260 _aEstados Unidos
_bPEARSON PRENTICE HALL
_c2009
260 _aS.L.
_bPEARSON PRENTICE HALL
300 _a716
500 _aILUSTRADO
650 _aADMINISTRACION
650 _aCOMPORTAMIENTO
650 _aLIDERAZGO
710 _aPRENTICE HALL
942 _c01
010 _a66196
999 _c227725
_d227725